Biomineralization progress in biology molecular biology and application

Kaydedildi:
Detaylı Bibliyografya
Yazar: Bauerlein, Edmund
Materyal Türü: Kitap
Dil:Undetermined
Baskı/Yayın Bilgisi: Germany Wiley VCH 2004
Konular:
Etiketler: Etiketle
Etiket eklenmemiş, İlk siz ekleyin!
Thư viện lưu trữ: Trung tâm Học liệu Trường Đại học Cần Thơ
LEADER 00540nam a2200193Ia 4500
001 CTU_93250
008 210402s9999 xx 000 0 und d
020 |c 193.03 
082 |a 572.51 
082 |b B344 
100 |a Bauerlein, Edmund 
245 0 |a Biomineralization progress in biology molecular biology and application 
245 0 |c Edmund Bauerlein 
260 |a Germany 
260 |b Wiley VCH 
260 |c 2004 
650 |a Biomineralization 
904 |i Trúc,Hải 
980 |a Trung tâm Học liệu Trường Đại học Cần Thơ